[Event "Belgrade-chT Premier"]
[Site "Belgrade"]
[Date "2024.10.16"]
[Round "8.6"]
[White "Rajlic, Boris"]
[Black "Spasic, Mateja"]
[Result "0-1"]
[WhiteElo "1898"]
[BlackElo "1814"]
[PlyCount "70"]
[EventDate "2024.10.09"]
[EventType "team-tourn"]
[EventRounds "11"]
[EventCountry "SRB"]
[SourceTitle "CB44_2024"]
[Source "Chessbase"]
[SourceDate "2024.10.30"]
[SourceVersion "1"]
[SourceVersionDate "2024.10.30"]
[SourceQuality "1"]
[WhiteTeam "Belgrade Polet"]
[BlackTeam "Belgrade Napredak"]
[WhiteTeamCountry "SRB"]
[BlackTeamCountry "SRB"]

1. e4 c5 2. Nf3 d6 3. d4 cxd4 4. Nxd4 Nf6 5. Nc3 Nc6 6. f3 e5 7. Nb3 Be6 8. Nd5 Be7 9. Be3 0-0 10. Qd2 Bxd5 11. exd5 Nb8 12. 0-0-0 a5 13. g4 a4 14. Na1 Ra5 15. c4 Qc7 16. Kb1 Na6 17. h4 Nc5 18. h5 e4 19. g5 Nfd7 20. fxe4 Ne5 21. g6 fxg6 22. hxg6 hxg6 23. Bxc5 Rxc5 24. Bh3 Kf7 25. Rdf1+ Bf6 26. Be6+ Ke7 27. b3 b5 28. Rh7 Ke8 29. Nc2 axb3 30. axb3 bxc4 31. Qb4 cxb3 32. Nd4 b2 33. Nc6 Nd3 34. Rxf6 Rc1+ 35. Ka2 Ra1+ 0-1